Hiểu và sử dụng tốt Incoterms 2000 = ICC guide to Incoterms 2000 : Understanding and practical use

Sparad:
Bibliografiska uppgifter
Huvudupphovsman: Ramberg, Jan
Materialtyp: Bok
Publicerad: Nxb Tp.HCM 2001
Taggar: Lägg till en tagg
Inga taggar, Lägg till första taggen!
Thư viện lưu trữ: Mạng thư viện Đại học Đà Nẵng
LEADER 00640nam a2200229 a 4500
001 000029868
003 9803
005 20171030145630.0
008 171030s2001
020 |c 43000 
040 |a LTT 
082 0 |a 382  |b RA-J 
100 1 |a Ramberg, Jan 
245 0 0 |a Hiểu và sử dụng tốt Incoterms 2000 = ICC guide to Incoterms 2000 : Understanding and practical use  |c Jan Ramberg ; Nguyễn Trọng Thùy dịch. 
260 |b Nxb Tp.HCM  |c 2001 
OWN |a LTT 
999 |a From the UDN01 
TYP |a Monograph 
TYP |a Printed language 
980 |a Mạng thư viện Đại học Đà Nẵng